[Event "Let's Play Chess!"]
[Site "http://www.queenalice.com/game.php?id=322400"]
[Date "2007.12.19"]
[Round "-"]
[White "spawnwolfwolverine"]
[Black "Ripper"]
[Result "1-0"]
[WhiteElo "1751"]
[BlackElo "1219"]

1. c4 e5 2. d3 Bc5 3. e4 Nf6 4. Bg5 h6 5. Bxf6 Qxf6 6. Nf3 O-O 7. Be2 Bd4 8. Nc3
Nc6 9. O-O d6 10. a3 Qg6 11. Nxd4 exd4 12. Nd5 Bh3 13. Nf4 Qg5 14. Nxh3 Qe5 15.
g3 Rfe8 16. f4 Qe7 17. f5 Ne5 18. b4 c5 19. b5 g6 20. Bg4 h5 21. Bf3 g5 22. Bxh5
g4 23. Nf4 1-0

[Event "Challenge"]
[Site "http://www.queenalice.com/game.php?id=323073"]
[Date "2007.12.20"]
[Round "-"]
[White "wagner"]
[Black "Ripper"]
[Result "1-0"]
[WhiteElo "1256"]
[BlackElo "1206"]

1. e3 e5 2. h4 Nf6 3. Nf3 Nc6 4. g4 Bc5 5. Ng5 O-O 6. c3 d6 7. Nf3 Nxg4 8. Rg1
Nf6 9. Qc2 g6 10. d4 exd4 11. exd4 Re8+ 12. Kd1 Bb6 13. Qd2 Bg4 14. Be2 1-0

[Event "Let's Play Chess!"]
[Site "http://www.queenalice.com/game.php?id=323139"]
[Date "2007.12.20"]
[Round "-"]
[White "Ripper"]
[Black "spawnwolfwolverine"]
[Result "0-1"]
[WhiteElo "1212"]
[BlackElo "1695"]

1. e4 e5 2. Nf3 d6 3. Bc4 Bg4 4. h3 Bxf3 5. Qxf3 Nf6 6. d3 Be7 7. Qg3 O-O 8. Bh6
Nh5 9. Qg4 g6 10. Nc3 Re8 11. Nd5 Bf8 12. Qg5 Qxg5 13. Bxg5 Na6 14. Bxa6 bxa6
15. g4 Nf4 16. Nxc7 a5 17. Nxa8 Rxa8 18. Kd2 Rb8 19. b3 h6 20. Bxf4 exf4 21. a4
g5 22. h4 f6 23. hxg5 fxg5 24. f3 Bg7 25. Rae1 Kh7 26. c4 Rxb3 27. Rb1 Bc3+ 0-1

[Event "Let's Play Chess!"]
[Site "http://www.queenalice.com/game.php?id=408919"]
[Date "2008.5.27"]
[Round "-"]
[White "CampbellMarcel"]
[Black "Ripper"]
[Result "1-0"]
[WhiteElo "1799"]
[BlackElo "1240"]

1. h4 e5 2. a4 d5 3. e4 dxe4 4. Bc4 Bc5 5. Qh5 Nh6 6. Qxe5+ Be6 7. Qxe4 Qf6 8.
Nf3 Ng4 9. O-O O-O 10. Bxe6 Qxe6 11. Qxb7 1-0

[Event "Marikita!"]
[Site "http://www.queenalice.com/game.php?id=409247"]
[Date "2008.5.27"]
[Round "-"]
[White "Ripper"]
[Black "Kuroi"]
[Result "0-1"]
[WhiteElo "1220"]
[BlackElo "1348"]

1. e4 Nf6 2. Nc3 g6 3. Bc4 e6 4. d4 Bg7 5. Nf3 O-O 6. O-O d5 7. exd5 exd5 8.
Nxd5 Nxd5 9. Bxd5 Qxd5 10. Re1 Bg4 0-1

[Event "Let's Play Chess!"]
[Site "http://www.queenalice.com/game.php?id=409249"]
[Date "2008.5.27"]
[Round "-"]
[White "Ripper"]
[Black "Kuroi"]
[Result "0-1"]
[WhiteElo "1238"]
[BlackElo "1280"]

1. e4 e5 2. Nf3 Nc6 3. Bc4 Nf6 4. Nc3 g6 5. Ng5 d5 6. exd5 Nxd5 7. d3 Be6 8. O-O
Nf4 9. Nxe6 fxe6 10. Qg4 Nd4 11. Be3 Nxc2 0-1

[Event "Let's Play Chess!"]
[Site "http://www.queenalice.com/game.php?id=409252"]
[Date "2008.5.27"]
[Round "-"]
[White "Ripper"]
[Black "SRIVERO"]
[Result "0-1"]
[WhiteElo "1242"]
[BlackElo "1646"]

1. e4 c5 2. Nf3 Nc6 3. Bc4 d6 4. d4 cxd4 5. Nxd4 Nf6 6. Nc3 e6 7. Be3 Be7 8. O-O
O-O 9. Qf3 Ne5 10. Qg3 Neg4 11. h3 Nxe3 12. Qxe3 d5 13. exd5 exd5 14. Bxd5 Nxd5
15. Nxd5 Qxd5 16. Rad1 Qh5 17. Qxe7 Qg6 18. Nf5 Bxf5 19. Rd6 f6 20. Rfd1 Bxc2
21. Rd8 Rfxd8 22. Rxd8+ Rxd8 23. Qxd8+ Kf7 24. Qd7+ Kf8 25. Qd8+ Qe8 26. Qd6+
Kg8 27. Qd5+ Kh8 28. Qxb7 h6 29. Qxa7 Qe1+ 30. Kh2 Qe5+ 0-1

[Event "Let's Play Chess!"]
[Site "http://www.queenalice.com/game.php?id=409254"]
[Date "2008.5.27"]
[Round "-"]
[White "SRIVERO"]
[Black "Ripper"]
[Result "0-1"]
[WhiteElo "1621"]
[BlackElo "1214"]

1. e4 e5 2. Nf3 Nc6 3. Bb5 Bc5 4. O-O Nf6 5. d3 d5 6. Bg5 O-O 7. Nbd2 h6 8. Bh4
Bg4 9. Bxc6 bxc6 10. Nb3 g5 11. Bg3 Qe7 12. Nxc5 Qxc5 13. Bxe5 Nd7 14. Bxc7 Bxf3
15. Qxf3 Qxc2 16. exd5 cxd5 17. Rac1 Qxb2 18. Qxd5 Nb6 19. Bxb6 Qxb6 20. Rc6 Qb7
21. Rg6+ Kh7 22. Rxh6+ Kxh6 23. Re1 Qxd5 0-1

[Event "Let's Play Chess!"]
[Site "http://www.queenalice.com/game.php?id=409255"]
[Date "2008.5.27"]
[Round "-"]
[White "xadrezpetry"]
[Black "Ripper"]
[Result "0-1"]
[WhiteElo "1447"]
[BlackElo "1186"]

1. e4 e5 2. Qh5 Nf6 3. Qxe5+ Be7 4. h4 d6 5. Qg5 O-O 6. h5 Nxe4 7. Qf4 Ng5 8. h6
Re8 9. Nf3 Nxf3+ 10. Qxf3 Bg5+ 11. Kd1 Bxh6 12. Bc4 Qe7 13. Re1 Qxe1# 0-1

[Event "Let's Play Chess!"]
[Site "http://www.queenalice.com/game.php?id=409264"]
[Date "2008.5.28"]
[Round "-"]
[White "Ripper"]
[Black "spawnwolfwolverine"]
[Result "0-1"]
[WhiteElo "1244"]
[BlackElo "1642"]

1. e4 e5 2. Nf3 d6 3. Bc4 Bg4 4. h3 Bxf3 5. Qxf3 Nf6 6. d3 Be7 7. O-O O-O 8. Qg3
g6 9. Bh6 Re8 10. Nc3 Bf8 11. Qe3 c6 12. Rad1 b5 13. Bb3 a5 14. Bxf8 Rxf8 15. d4
a4 0-1

[Event "AUTO-OPEN-1147"]
[Site "http://www.queenalice.com/game.php?id=410122"]
[Date "2008.5.30"]
[Round "1"]
[White "Ripper"]
[Black "Matuto_do_Vale"]
[Result "0-1"]
[WhiteElo "1190"]
[BlackElo "1220"]

1. e4 c5 2. Nf3 d6 3. Bc4 h6 4. Nc3 Bg4 5. h3 Bxf3 6. Qxf3 Nf6 7. Bb5+ Nbd7 8.
d3 a6 9. Ba4 b5 10. e5 Nxe5 11. Qf4 bxa4 12. Qxa4+ Qd7 13. O-O Qxa4 14. Nxa4 Rb8
15. Bd2 g5 16. Ba5 Rb5 0-1